000 00750nam a2200253Ia 4500
003 OSt
005 20221005060157.0
006 a|||||r|||| 00| 0
007 ta
008 221004b |||||||| |||| 00| 0 eng d
020 _a9788184000481 (hbk)
_c395
024 _a95186
037 _bDU67, 17/03/2009, Independent Publishers Group
_cTextual
040 _aCRL
_cCRL
_beng
041 _2eng
_aeng
082 _aO111,3NKA,IM, P8
100 _aKapur Manju
245 0 _aThe immigrant
260 _aLondon
_bRandom House UK
_c2008
300 _a334p.
_ccm.
650 _aENGLISH LITERATURE
942 _hO111,3NKA,IM, P8
_cTEXL
_2cc
999 _c966279
_d966279